Detalles MARC
| 000 -CABECERA |
| campo de control de longitud fija |
02105nam a2200337 i 4500 |
| 003 - IDENTIFICADOR DEL NÚMERO DE CONTROL |
| campo de control |
DO-SdBNP |
| 005 - FECHA Y HORA DE LA ÚLTIMA TRANSACCIÓN |
| campo de control |
20250930121211.0 |
| 007 - CAMPO FIJO DE DESCRIPCIÓN FÍSICA--INFORMACIÓN GENERAL |
| campo de control de longitud fija |
ta |
| 008 - DATOS DE LONGITUD FIJA--INFORMACIÓN GENERAL |
| campo de control de longitud fija |
240207t2023 dr ||||| |||| 00| j spa d |
| 020 ## - NÚMERO INTERNACIONAL ESTÁNDAR DEL LIBRO |
| Número Internacional Estándar del Libro |
9789945510393 |
| 040 ## - FUENTE DE LA CATALOGACIÓN |
| Centro catalogador/agencia de origen |
DO-SdBNP |
| Lengua de catalogación |
spa |
| Centro/agencia transcriptor |
BNPHU |
| Normas de descripción |
rda |
| 041 ## - CÓDIGO DE LENGUA |
| Código de lengua del texto/banda sonora o título independiente |
spa |
| 082 #4 - NÚMERO DE LA CLASIFICACIÓN DECIMAL DEWEY |
| Número de clasificación |
RD863.44 |
| Número de documento/Ítem |
A955 |
| Número de edición |
22 |
| 245 03 - MENCIÓN DE TÍTULO |
| Título |
Las aves que un día emigraron : |
| Resto del título |
el cuento dominicano en Europa / |
| Mención de responsabilidad, etc. |
Selección y prólogo de Rosa Silverio ; corrección, María del Carmen Vicente, Apolinar Liz Rodríguez. |
| 264 #4 - PRODUCCIÓN, PUBLICACIÓN, DISTRIBUCIÓN, FABRICACIÓN Y COPYRIGHT |
| Producción, publicación, distribución, fabricación y copyright |
Santo Domingo, República Dominicana : |
| Nombre del de productor, editor, distribuidor, fabricante |
Editora Nacional, |
| Fecha de producción, publicación, distribución, fabricación o copyright |
©2023. |
| 300 ## - DESCRIPCIÓN FÍSICA |
| Extensión |
221 páginas ; |
| Dimensiones |
20 cm. |
| 336 ## - TIPO DE CONTENIDO |
| Término de tipo de contenido |
texto |
| Código de tipo de contenido |
txt |
| Fuente |
rdacontent |
| 337 ## - TIPO DE MEDIO |
| Nombre/término del tipo de medio |
sin mediación |
| Código del tipo de medio |
n |
| Fuente |
rdamedia |
| 338 ## - TIPO DE SOPORTE |
| Nombre/término del tipo de soporte |
volumen |
| Código del tipo de soporte |
nc |
| Fuente |
rdacarrier |
| 500 ## - NOTA GENERAL |
| Nota general |
Incluye referencias bibliográficas y notas al pie de las páginas. |
| 505 ## - NOTA DE CONTENIDO CON FORMATO |
| Nota de contenido con formato |
De la migración de las aves y una hoja de hierba / |
| Mención de responsabilidad |
Rosa Silverio, 7 -- |
| Título |
Inactómico / |
| Mención de responsabilidad |
Farah Hallal, 17 -- |
| Título |
Post mortem / |
| Mención de responsabilidad |
Leonardo Reyes Jiménez, 35 -- |
| Título |
La mujer que parió un ángel / |
| Mención de responsabilidad |
Daniel Tejada, 47 -- |
| Título |
Una vida sin manchas / |
| Mención de responsabilidad |
Juan Inirio, 59 -- |
| Título |
Baptiste / |
| Mención de responsabilidad |
Nelson Ricart-Guerrero, 71 -- |
| Título |
El delivery / |
| Mención de responsabilidad |
Virginia Read Escobal, 97 -- |
| Título |
Piratas y demonios / |
| Mención de responsabilidad |
Roberto García, 121 -- |
| Título |
Antes del mediterráneo / |
| Mención de responsabilidad |
Matías Iturbides, 133 -- |
| Título |
El sueño / |
| Mención de responsabilidad |
Mayobanex Pérez, 145 -- |
| Título |
El pobre caricato del rey / |
| Mención de responsabilidad |
Sol Lora, 151 -- |
| Título |
¡Perdona, no eres mi mama! / |
| Mención de responsabilidad |
Norberto Azor, 159 -- |
| Título |
Margot / |
| Mención de responsabilidad |
Karlina Veras, 167 -- |
| Título |
Abrazos gratis / |
| Mención de responsabilidad |
Ana María Céspedes, 179 -- |
| Título |
Consulta / |
| Mención de responsabilidad |
Marielys Duluc Reyna, 187 -- |
| Título |
El cantador de sueños / |
| Mención de responsabilidad |
Dolquisa Olivarez, 197 -- |
| Título |
Vertiente del espejo / |
| Mención de responsabilidad |
Bernardo Silfa Bor, 205. |
| 590 ## - NOTA LOCAL (RLIN) |
| Nota local |
Inventariado 2024 / MF |
| 650 #4 - PUNTO DE ACCESO ADICIONAL DE MATERIA--TÉRMINO DE MATERIA |
| Término de materia o nombre geográfico como elemento de entrada |
Cuentos dominicanos |
| 9 (RLIN) |
176 |
| 650 #4 - PUNTO DE ACCESO ADICIONAL DE MATERIA--TÉRMINO DE MATERIA |
| Término de materia o nombre geográfico como elemento de entrada |
Literatura dominicana. |
| 9 (RLIN) |
67 |
| 700 1# - PUNTO DE ACCESO ADICIONAL--NOMBRE DE PERSONA |
| Nombre de persona |
Silverio, Rosa, |
| Término indicativo de función/relación |
prologuista |
| Código de función/relación |
pr. |
| 9 (RLIN) |
14892 |
| 700 1# - PUNTO DE ACCESO ADICIONAL--NOMBRE DE PERSONA |
| Nombre de persona |
Vicente, María del Carmen, |
| Término indicativo de función/relación |
corrector |
| Código de función/relación |
corr. |
| 700 1# - PUNTO DE ACCESO ADICIONAL--NOMBRE DE PERSONA |
| Nombre de persona |
Liz Rodríguez, Apolinar, |
| Término indicativo de función/relación |
corrector |
| Código de función/relación |
corr. |
| 9 (RLIN) |
84877 |
| 710 1# - PUNTO DE ACCESO ADICIONAL--NOMBRE DE ENTIDAD CORPORATIVA |
| Nombre de entidad corporativa o nombre de jurisdicción como elemento de entrada |
España. |
| Unidad subordinada |
Ministerio de Cultura |
| 9 (RLIN) |
70975 |
| 910 ## - DATOS DE OPCIÓN DEL USUARIO (OCLC) |
| Datos de opción del usuario |
Validado. Control de Calidad/MAA |
| 942 ## - ELEMENTOS DE PUNTO DE ACCESO ADICIONAL (KOHA) |
| Fuente del sistema de clasificación o colocación |
Dewey Decimal Classification |
| Tipo de ítem Koha |
Libro |